Statistics for kings of wessex

Click here to take the quiz!

General Stats

  • This quiz has been taken 11 times
  • The average score is 7 of 23

Answer Stats

Hintanswers% Correct
alfalfred the great
91%
aethelraethelred 1
73%
egbegbert
64%
aethelwaethelwulf
55%
aethelbaethelbald
45%
aethelbeaethelberht
36%
ceoceol
27%
cercerdic
27%
cynewcynewulf
27%
aesaescwine
18%
beobeorhtric
18%
caecaedwalla
18%
ceaceawlin
18%
cencentwine
18%
cencenwalh
18%
ceolceolwulf
18%
cynecynegils
18%
cyncynric
18%
ineine
18%
seaseaxburh
18%
aetaethelheard
9%
cutcuthred
9%
sigsigeberht
9%

Score Distribution

Percentile by Number Answered

Percent of People with Each Score

Your Score History

You have not taken this quiz